[Event "SEMI ECT 5-B email"]
[Site "SEMI email"]
[Date "2000.??.??"]
[Round "?"]
[White "Coelho, Waldirson Morais"]
[Black "Di Leo, Enzo"]
[Result "1-0"]
[WhiteElo "1000"]
[BlackElo "1000"]
[PlyCount "39"]
[EventDate "2000.10.10"]
[EventType "tourn (corr)"]
[EventRounds "8"]
[EventCountry "ITA"]
[SourceTitle "Corr 2008"]
[Source "ChessBase"]
[SourceDate "2008.06.24"]
[SourceVersion "1"]
[SourceVersionDate "2008.06.24"]
[SourceQuality "1"]

1. d4 Nf6 2. g3 g6 3. Bg2 Bg7 4. Nf3 c5 5. dxc5 Qa5+ 6. c3 Qxc5 7. 0-0 0-0 8. Be3 Qh5 9. h3 Nc6 10. Nbd2 Nd5 11. Bg5 f5 12. e4 Nc7 13. exf5 gxf5 14. Be3 d5 15. Nh4 Qxd1 16. Raxd1 Rd8 17. f4 d4 18. cxd4 Nxd4 19. Ndf3 Nxf3+ 20. Bxf3 1-0

[Event "SEMI ECT 5-B email"]
[Site "SEMI email"]
[Date "2000.??.??"]
[Round "?"]
[White "Coelho, Waldirson Morais"]
[Black "Sklepinski, Artur"]
[Result "1-0"]
[WhiteElo "1000"]
[BlackElo "1800"]
[PlyCount "65"]
[EventDate "2000.10.10"]
[EventType "tourn (corr)"]
[EventRounds "8"]
[EventCountry "ITA"]
[SourceTitle "Corr 2008"]
[Source "ChessBase"]
[SourceDate "2008.06.24"]
[SourceVersion "1"]
[SourceVersionDate "2008.06.24"]
[SourceQuality "1"]

1. d4 d5 2. c4 e6 3. Nc3 Be7 4. e4 dxe4 5. Nxe4 Nf6 6. Nc3 0-0 7. Bd3 Nbd7 8. Nf3 c5 9. Be3 cxd4 10. Bxd4 Re8 11. 0-0 Bd6 12. Qc2 a6 13. Rad1 Qc7 14. Rfe1 h6 15. Ne4 Be7 16. Bc3 b6 17. Nxf6+ Bxf6 18. Bh7+ Kh8 19. Be4 Bb7 20. Bxb7 Qxb7 21. Rd6 Bxc3 22. Qxc3 Rac8 23. Qd4 Rc7 24. b3 b5 25. Rd1 Re7 26. cxb5 Qxb5 27. Qe4 Re8 28. Qf4 Nf6 29. Rxe6 Rxe6 30. Qxc7 Qe2 31. Rc1 Qb2 32. h3 Qxa2 33. Qxf7 1-0